000 00334nam a22001217a 4500
003 OSt
008 160625b xxu||||| |||| 00| 0 eng d
100 _91105
_a Wentzel, E., et al
245 _aApplied Problems in Probability Theory
260 _aMoscow
_b Mir
_c1986
300 _aApplied Problems in Probability Theory
942 _2ddc
_cBK
999 _c889
_d889